000 00448nam a22001697a 4500
005 20251108164153.0
008 250721s9999 xx 000 0 ara d
082 1 4 _a301.2962/عبد
100 1 _aدياب، عبد الحي
245 1 0 _aالإقطاع الفكري و آثاره /
264 1 _aالقاهرة :
_bالشعب،
_c[19-].
300 _a211ص
650 1 7 _aالثقافة
650 1 7 _aمصر
942 _2ddc
_cBK
999 _c5422
_d5422